000 00566nam a22001817a 4500
003 OSt
005 20250826035348.0
008 250826b |||||||| |||| 00| 0 eng d
020 _a13: 978-1-4130-2050-2.
040 _aDWC-Main Lib.
_cOC
100 _aO'BRIEN, JOSEPHINE
245 _aEnglish for business/
_cO'BRIEN, JOSEPHINE
260 _aBoston :
_bThomson Heinle,
_cc2007.
300 _avi, 106 p. :
_bill. ;
_c27 cm.
_e+ 1 Audio CD.
490 _aProfessional English
650 _aEnglish language-Business English.
942 _2ddc
_cBK-CIRC
_hCirc.
_n0
999 _c4263
_d4263